000 01065nam a2200241Ia 4500
001 18606
003 GE_BSU
008 181216s||||||||xx |||||||||||||| ||und||
020 _aISBN 978-0-393-33032-8
040 _cGE_BSU
100 _aToll, Ian W.
245 _aSix frigates : the epic history of the founding of the U.S. Navy
250 _a1st ed.
260 _aNew York London
260 _bW.W Norton &Company
260 _c2006
300 _a560p;ill,23cm.
653 _aSix frigates : the epic history of the founding of the U.S. Navy
653 _aUnited States. Navy--History--18th century. United States. Navy--History--19th century. Frigates--United States--History--18th century. Frigates--United States--History--19th century. United States--History--Tripolitan War, 1801-1805--Naval operations. United States--History--War of 1812--Naval oper
653 _aსაზღვავო ისტორია,საზღვავო ოპერაციები, ომი
653 _aსამხედრო საქმე
942 _cBK
999 _c51615
_d51615